000
00237nam a2200097Ia 4500
008
170619s9999 xx 000 0 und d
100
_a
Verma- B.P
245
0
_a
Civil Engineering Drawing: House Planning
260
_b
Khanna Pub.
260
_c
2013
546
_a
ENGLISH
999
_c
21541
_d
21541